000 00527nam a2200217Ia 4500
008 180523s9999 xx 000 0 und d
020 _a81-7473-138-5
050 _aMAIN QA 807
050 _b.L66 2003
100 _aLoney, S.L.
245 4 _aThe Elements of statics and dynamics /
245 0 _cS.L. Loney.
260 _aNew Delhi :
260 _bA.I.T.B.S. Publishers,
260 _c2003
300 _a368 pages :
300 _billustrations ;
300 _c18 cm.
650 _aStatics.
650 _xDynamics.
999 _c357494
_d357494